Southville International School and Colleges
Your cart is empty.
  • Cart
  • Lists
    Public lists Eva Luna New books Lux_list list_1
    Your lists Log in to create your own lists
  • Log in to your account
  • Your cookies
  • Search history
Southville International School and Colleges
  • Advanced search
  • Recent comments
  • Most popular
  • Libraries

Log in to your account

Log in with GOOGLE


If you do not have an external account, but do have a local account, you can still log in:

  1. Home
  2. MARC view: Teaching reading and writing with word walls. Grade K-3 /
Normal view MARC view ISBD view

Teaching reading and writing with word walls. Grade K-3 / (Record no. 113009)

[ view plain ]
MARC details
000 -LEADER
fixed length control field 00698nam a2200217 a 4500
001 - CONTROL NUMBER
control field 4067
005 - DATE AND TIME OF LATEST TRANSACTION
control field 20140414131959.0
008 - FIXED-LENGTH DATA ELEMENTS--GENERAL INFORMATION
fixed length control field 081222s19uu xx 00 eng d
020 ## - INTERNATIONAL STANDARD BOOK NUMBER
International Standard Book Number 0-590-10390-3
050 ## - LIBRARY OF CONGRESS CALL NUMBER
Classification number TR 428
Item number W12 1999
100 ## - MAIN ENTRY--PERSONAL NAME
Personal name Wagstaff, Janiel M.
245 ## - TITLE STATEMENT
Title Teaching reading and writing with word walls. Grade K-3 /
Statement of responsibility, etc by Janiel M. Wagstaff.
260 ## - PUBLICATION, DISTRIBUTION, ETC. (IMPRINT)
Place of publication, distribution, etc New York :
Name of publisher, distributor, etc Scholastic,
Date of publication, distribution, etc c1999.
300 ## - PHYSICAL DESCRIPTION
Extent 112 p. : ill. ; cm.
440 ## - SERIES STATEMENT/ADDED ENTRY--TITLE
Title Scholastic Teaching Strategies.
500 ## - GENERAL NOTE
General note "Grades K-3--Cover. Includes bibliographical references.(110-111)
650 ## - SUBJECT ADDED ENTRY--TOPICAL TERM
Topical term or geographic name as entry element Language arts (Elementary)
650 ## - SUBJECT ADDED ENTRY--TOPICAL TERM
Topical term or geographic name as entry element Teaching
General subdivision Aids and devices.
Holdings
Withdrawn status Lost status Damaged status Use restrictions Home library Current library Shelving location Date acquired Source of acquisition Cost, normal purchase price Total Checkouts Full call number Barcode Date last seen Price effective from Koha item type
        Munich Library Munich Library Teachers Reference Section 12/22/2008   295.00   TR 428 W12 1999 M4472 04/14/2014 04/14/2014 Books
        Munich Library Munich Library Teachers Reference Section 02/16/2011   295.00   TR 428 W12 1999 M4603 04/14/2014 04/14/2014 Books

Teaching reading and writing with word walls. Grade K-3 /

APA

Wagstaff J. M., . (1999). Teaching reading and writing with word walls. Grade K-3. New York: Scholastic.

Chicago

Wagstaff Janiel M, . 1999. Teaching reading and writing with word walls. Grade K-3. New York: Scholastic.

Harvard

Wagstaff J. M., . (1999). Teaching reading and writing with word walls. Grade K-3. New York: Scholastic.

MLA

Wagstaff Janiel M, . Teaching reading and writing with word walls. Grade K-3. New York: Scholastic. 1999.

  • Place hold
  • Print
  • Cite
  • Add to your cart (remove)
  • Save record
    BIBTEX Dublin Core MARCXML MARC (non-Unicode/MARC-8) MARC (Unicode/UTF-8) MARC (Unicode/UTF-8, Standard) MODS (XML) RIS
  • More searches
    Search for this title in:
    Other Libraries (WorldCat) Other Databases (Google Scholar) Online Stores (Bookfinder.com) Open Library (openlibrary.org)

Exporting to Dublin Core...

SOUTHVILLE LIBRARY

Southville International School and Colleges Library

1281 Tropical Ave. Cor. Luxembourg St., BF Homes International, Las Pinas City

Tel. No. 8256374 / 252358 Loc. 117/146

Powered by Koha